000 01252nam a2200313 a 4500
003 BLK
005 20250715165236.0
008 180413b bul|||||r ||||||| ||bul||
020 _a9786192409067
040 _aBLK
041 _aBUL
_cBUL
080 _aКласическа гръцка литература. Старогръцка литература
_b821.142
_x-93-342
_z821.142-93-342
084 _aЕ 38
100 1 _aЕзоп
_966774
245 1 0 _aБасни
_cЕзоп ; прев. Пенка Кънева ; ил. Артър Ракъм ;
245 1 0 _aБасни
_cЖан дьо Лафонтен; прев. Бойко Ламбовски; худож. Густав Доре
260 _aСофия
_bПан
_c2024
300 _a272 с.
_bс ил.
_c20 см
380 _aDX
700 1 _aЛафонтен, Жан дьо
_987853
700 _aКънева, Пенка Асенова
_9365440
700 _aЛамбовски, Бойко Панов
_9364967
700 1 _aРакъм, Артър
_eил.
_9115008
700 _aДоре, Густав
_9496700
942 _cKNG
_n0
_s1
_016
944 _cНора Радева
_k30542
_lРусанова Ирена
999 _c524502
_d524502
999 _d524502